000 00611nam a2200205Ii 4500
003 JO-AjNU
008 230606s9999||||xx |||||||||||||| ||und||
020 _a0-8493-1986-2
040 _aJO-AjNU
_beng
_erda
_cJO-AjNU
041 _aeng
050 1 4 _aTE2151.H344 2006
100 3 _afwa,
_eauthor
_94909
245 0 4 _athe hand book of highway Engineering
264 3 1 _aNew York :CRC press ,2006
300 _a2131P
_bIncludes Bibliographical References,
336 _atext
_btxt
_2rdacontent
337 _aunmediated
_bn
_2rdamedia
338 _avolume
_bnc
_2rdacarrier
650 4 _a highway Engineering
_94910
999 _aE2540
_c2538
_d2538